00965 2200313 4500001002100000005001500021035002000036007000300056008004100059020002200100040002200122082001500144084001700159090002200176100002800198245008700226250003100313300004600344650003400390700003400424850001200458504003100470264003200501336002100533337003000554338002300584999002200607990002200629INLIS00000000088904420240719101310 a0010-0724000943ta240719s2024 yoia g ind d a978-623-02-8816-6 aYOPDYOGbinderda04223a352.63 a352.63 IMA p aCB-D.11 2024-21150 aImam Rozikinepengarang10aPengantar manajemen pelayanan publik /cImam Rozikin; penyunting, Muh. Ghufron Rum aCetakan pertama, Juli 2024 axii, 98 halaman :btabel, gambar ;c23 cm 4aPelayanan publik--xManajemen1 aGhufron Rum, Muh.epenyunting aYOPDYOG aBibliografi: halaman 88-9731aSleman :bDeepublish,c2024 2rdacontentateks 2rdamediaatanpa perantara 2rdacarrieravolume aCB-D.11/2024-2115 aCB-D.11/2024-2115